El Problema de la conciencia de clase en el movimiento campesino de Andahuaylas de 1974
Análisis de los problemas teóricos referentes al concepto de conciencia de clase, fundamentado en el material recogido en el año 1974, en el desarrollo del movimiento campesino de Andahuaylas y Purinac, Perú. Apunta que los estudios realizados hasta el momento se han concentrado en el análisis de la...
Enregistré dans:
| Auteur principal: | |
|---|---|
| Format: | Texte |
| Publié: |
Huancayo :
|
| Sujets: | |
| Tags: |
Ajouter un tag
Pas de tags, Soyez le premier à ajouter un tag!
|
MARC
| LEADER | 00000 a a2200000 04500 | ||
|---|---|---|---|
| 001 | 13459 | ||
| 003 | |||
| 040 | |||
| 090 | |a 030300 | ||
| 100 | |a Sánchez E, Rodrigo | ||
| 245 | |a El Problema de la conciencia de clase en el movimiento campesino de Andahuaylas de 1974 | ||
| 260 | |a Huancayo : | ||
| 300 | |a 31 p. | ||
| 300 | |b **no definido** | ||
| 520 | |a Análisis de los problemas teóricos referentes al concepto de conciencia de clase, fundamentado en el material recogido en el año 1974, en el desarrollo del movimiento campesino de Andahuaylas y Purinac, Perú. Apunta que los estudios realizados hasta el momento se han concentrado en el análisis de las condiciones objetivas de clase, sin que se haya puesto atención al problema de la dimensión subjetiva, ideológica del proceso político. El documento, luego de la discusión teórica y el planteamiento de las hipótesis, se refiere a los acontecimientos concretos del moviento, y comenta y examina los diferentes grupos involucrados. SFA/mb | ||
| 650 | |a CONCIENCIA DE CLASE | ||
| 650 | |a CLASES SOCIALES | ||
| 650 | |a MOVIMIENTOS CAMPESINOS | ||
| 650 | |a PROLETARIADO | ||
| 650 | |a DISTRIBUCION DE LA POBLACION | ||
| 650 | |a PARCELACION DE LA TIERRA | ||
| 650 | |a DISTRIBUCION DE LA POBLACION | ||
| 650 | |a PARCELACION DE LA TIERRA | ||
| 650 | |a POBLACION AGRICOLA | ||
| 999 | |c 14365 |d 14365 | ||
